00976nam a2200289Ia 450000500170000000800410001702000180005810000270007624500880010325000180019130000250020949000290023453400170026365000320028065000360031265000390034865000350038765000360042265000290045870000320048726400330051933600270055233700330057933800280061204000350064008400110067520220317001543.0161108s2015 sp g 000 f s  a97884666551941 aKline, Christina Baker13aEl tren de los huérfanoscChristina Baker Kline ; traducción de ]avier Guerrero a1a. edición a357 páginasc23 cm aNarrativa : novela negra tOrphan train142LEMBaNovela estadounidense142LEMBaLiteratura estadounidense142LEMBaHuérfanos en la literatura142LEMBaAmistad en la literatura142LEMBaInfancia en la literatura142LEMBaNovela histórica1 aGuerrero, Javieretraductor aBarcelonabEdiciones Bc2015 atextobtxt2rdacontent asin mediaciónbn2rdamedia avolumenbnc2rdacarrier aCO-BoRNBPbspaerdacCO-BoRNBP aN KLI2